|
|
|
|
| LEADER |
00000naa a2200000uu 4500 |
| 001 |
vtls010957670 |
| 003 |
SK-MaSNL |
| 005 |
20260302135035.0 |
| 008 |
210905|2001 xo |||||||||||||||||eng| |
| 015 |
|
|
|a SNBRA
|
| 035 |
|
|
|a (urnnbn)urn:nbn:sk:snk:ar-a0bp4x
|
| 035 |
|
|
|a (uuid)134fb67e-b8db-4db1-b6b1-a410e04e1e86
|
| 035 |
|
|
|a urn:nbn:sk:snk-aaugve
|
| 040 |
|
|
|a SNKBUCL
|b slo
|c SNKBUCL
|e AACR2
|
| 041 |
0 |
|
|a eng
|
| 044 |
|
|
|a xo
|c SK
|
| 100 |
1 |
|
|a David, Stanislav,
|d 1953-
|4 aut
|9 16035
|
| 245 |
1 |
0 |
|a DRAGONFLIES (INSECTA:ODONATA) OF THE SLOVAK-MORAVIAN CARPATHIANS MOUNTAINS AND THE DOLNOVÁŽSKÁ NIVA LEA
|c Stanislav David
|
| 773 |
0 |
|
|t Biodiversitas Slovaca
|d Nitra : Slovenská poľnohospodárska univerzita, 2001
|g S. 62-71
|z 8071379492
|
| 958 |
|
|
|a OND
|
| 958 |
|
|
|a article11
|
| 958 |
|
|
|a chapter
|
| 999 |
|
|
|c 1325639
|d 1327569
|